| 000 | 00411nam a2200169Ia 4500 | ||
|---|---|---|---|
| 008 | 230524s9999 xx 000 0 und d | ||
| 020 | _a9788120344358 | ||
| 082 |
_a658.45 _bSEN |
||
| 100 | _aSailesh Sengupta | ||
| 245 | 0 | _aBusiness and Managerial Communication | |
| 250 | _a1 | ||
| 260 |
_aNew Delhi _bPHI |
||
| 300 | _a"xiv,657p;" | ||
| 500 | _aQuantity Number: 20 | ||
| 650 | _aEnglish | ||
| 942 | _cBK | ||
| 999 |
_c59666 _d59666 |
||